Management Ideas in Action (Record no. 976)

MARC details
000 -LEADER
fixed length control field 00319nam a2200133Ia 4500
008 - FIXED-LENGTH DATA ELEMENTS--GENERAL INFORMATION
fixed length control field 191201s2006 xx 000 0 und d
082 ## - DEWEY DECIMAL CLASSIFICATION NUMBER
Classification number 658.1
Item number BAM
100 ## - MAIN ENTRY--PERSONAL NAME
Personal name BATRA, Promod
245 #0 - TITLE STATEMENT
Title Management Ideas in Action
260 ## - PUBLICATION, DISTRIBUTION, ETC. (IMPRINT)
Place of publication, distribution, etc N.Delhi
Name of publisher, distributor, etc Think Inc
Date of publication, distribution, etc 2006
300 ## - PHYSICAL DESCRIPTION
Extent 492
650 ## - SUBJECT ADDED ENTRY--TOPICAL TERM
Topical term or geographic name as entry element General Books
942 ## - ADDED ENTRY ELEMENTS (KOHA)
Source of classification or shelving scheme Dewey Decimal Classification
Koha item type Text Books
Holdings
Withdrawn status Lost status Source of classification or shelving scheme Damaged status Not for loan Collection code Home library Current library Date acquired Source of acquisition Cost, normal purchase price Bill Number Total Checkouts Full call number Acc. no. / Barcode Date last seen Bill Date Koha item type Public note
    Dewey Decimal Classification     MBA PIET C-LIBRARY PIET C-LIBRARY 09/08/2006 UDH, Delhi 300.00 CM 4732   658.1 BAM 950 04/12/2019 22/08/2005 Text Books  
    Dewey Decimal Classification     MBA PIET C-LIBRARY PIET C-LIBRARY 18/08/2007 J B C, New Delhi 300.00 706   658.1 BAM 6508 04/12/2019 28/07/2007 Text Books  
    Dewey Decimal Classification     MBA PIET C-LIBRARY PIET C-LIBRARY 18/08/2007 J B C, New Delhi 300.00 706   658.1 BAM 6509 04/12/2019 28/07/2007 Text Books Motivational
    Dewey Decimal Classification     MBA PIET C-LIBRARY PIET C-LIBRARY 18/08/2007 J B C, New Delhi 300.00 706   658.1 BAM 6510 04/12/2019 28/07/2007 Text Books  
    Dewey Decimal Classification     MBA PIET C-LIBRARY PIET C-LIBRARY 18/08/2007 J B C, New Delhi 300.00 706   658.1 BAM 6511 04/12/2019 28/07/2007 Text Books  
    Dewey Decimal Classification     MBA PIET C-LIBRARY PIET C-LIBRARY 28/09/2007 J B C, New Delhi 300.00 1092   658.1 BAM 8401 04/12/2019 24/09/2007 Text Books  

Design & Developed by: PIET Central Library
R70 Miles Stone Pattikalyana Samalkha Panipat 132102
mail ID :- [email protected], Phone No:- 0180-2569700 Ex.216